The grammar of quantification /

Bibliographic Details
Main Author: May, Robert Carlen
Format: Thesis Book
Language:English
Published: New York : Garland Pub., 1990.
Series:Outstanding dissertations in linguistics.
Subjects:

MARC

Tag First Indicator Second Indicator Subfields
LEADER 00000cam a2200000 a 4500
001 in00001007264
005 20150927215047.0
008 901015s1990 nyua b 00010 eng
010 |a  90021299  
020 |a 0824013921 (alk. paper) 
035 |a (OCoLC)22625280 
035 |9 AFD5688AM 
040 |a DLC  |c DLC  |d TXA  |d UtOrBLW 
049 |a TXAM 
050 0 0 |a P299.Q3  |b M38 1991 
082 0 0 |a 415  |2 20 
090 |a P299.Q3  |b M38 1990 
100 1 |a May, Robert Carlen. 
245 1 4 |a The grammar of quantification /  |c Robert C. May. 
264 1 |a New York :  |b Garland Pub.,  |c 1990. 
300 |a 251 pages :  |b illustrations ;  |c 24 cm. 
336 |a text  |b txt  |2 rdacontent 
337 |a unmediated  |b n  |2 rdamedia 
338 |a volume  |b nc  |2 rdacarrier 
490 1 |a Outstanding dissertations in linguistics 
502 |b Ph. D.  |c Massachusetts Institute of Technology  |d 1977. 
504 |a Includes bibliographical references (pages 246-251). 
650 0 |a Grammar, Comparative and general  |x Quantifiers. 
650 0 |a Markedness (Linguistics) 
650 0 |a Generative grammar. 
830 0 |a Outstanding dissertations in linguistics. 
999 |a MARS 
999 f f |s 1a1421ed-4510-30fd-b028-687f2d847e46  |i 9420766d-028f-3aaf-aba1-ae2181726da6  |t 0 
952 f f |p ric  |a Texas A&M University  |b Rellis Campus  |c Joint Library Facility  |d Remote Storage  |t 0  |e P299.Q3 M38 1990  |h Library of Congress classification  |i unmediated -- volume  |m A14814381855 
998 f f |a P299.Q3 M38 1990  |t 0  |l Remote Storage